| 000 | 00337nam a2200133Ia 4500 | ||
|---|---|---|---|
| 005 | 20260328101529.0 | ||
| 008 | 260328s9999||||xx |||||||||||||| ||und|| | ||
| 100 | _aKunz, Martin Nicholas | ||
| 245 | 0 |
_aBest / Design Affordable Hotels / _cMartin Nicholas Kunz |
|
| 260 | _bAvedition | ||
| 300 | _a168 p. | ||
| 650 | _aHOTELES | ||
| 942 | _cBK | ||
| 999 |
_c9918 _d9918 |
||